[Event "e2e4 Dublin Easter Masters"]
[Site "Dublin IRL"]
[Date "2012.04.06"]
[Round "3"]
[White "Korhonen, Pasi"]
[Black "Roneid, Heidi"]
[Result "1-0"]
[WhiteElo "2063"]
[BlackElo "1689"]
[WhiteFideId "502146"]
[BlackFideId "1514431"]
[EventDate "2012.04.05"]

1. e4 e5 2. Nf3 Nc6 3. Bb5 a6 4. Ba4 Nf6 5. O-O b5 6. Bb3 Bb7 7. Re1 Bc5 8. c3
O-O 9. d4 exd4 10. cxd4 Bb6 11. e5 Ne8 12. Nc3 Na5 13. Bc2 c6 14. Bxh7+ Kh8 15.
Bc2 f6 16. Ng5 Kg8 17. Qh5 fxg5 18. Bh7+ 1-0

[Event "e2e4 Dublin Easter Masters"]
[Site "Dublin IRL"]
[Date "2012.04.06"]
[Round "3"]
[White "Salter, David"]
[Black "Rawell, Jon Egil"]
[Result "0-1"]
[WhiteElo "1897"]
[BlackElo "2035"]
[WhiteFideId "2501988"]
[BlackFideId "1510223"]
[EventDate "2012.04.05"]

1. d4 Nf6 2. Nf3 b6 3. e3 Bb7 4. Bd3 g6 5. O-O Bg7 6. Nbd2 O-O 7. b3 d6 8. Bb2
Nbd7 9. e4 c5 10. e5 dxe5 11. dxe5 Nd5 12. Re1 Nf4 13. Bf1 Qc7 14. c4 Rad8 15.
Qc2 Nb8 16. Rad1 Nc6 17. Qe4 Ne6 18. Qh4 Ncd4 19. Nxd4 Nxd4 20. Bxd4 Rxd4 21.
Qg3 Rfd8 22. Qe3 e6 23. Be2 Bxe5 24. g3 Bg7 25. Nf3 Rxd1 26. Rxd1 Rxd1+ 27. Bxd1
Qc6 28. Be2 Bf6 29. h4 Kg7 30. Kf1 h6 31. Ke1 Qd6 32. Qd2 Qe7 33. Qe3 e5 34. Nd2
e4 35. Bf1 Bd4 36. Qe2 e3 37. fxe3 Bxe3 38. Kd1 Qe5 0-1

[Event "e2e4 Dublin Easter Masters"]
[Site "Dublin IRL"]
[Date "2012.04.06"]
[Round "3"]
[White "O'Donnell, Conor"]
[Black "Armstrong, Malcolm J"]
[Result "0-1"]
[WhiteElo "1804"]
[BlackElo "2026"]
[WhiteFideId "2504243"]
[BlackFideId "409049"]
[EventDate "2012.04.05"]

1. e4 c6 2. d4 d5 3. exd5 cxd5 4. Bd3 Nc6 5. c3 g6 6. Bf4 Bg7 7. Nf3 Nf6 8. O-O
O-O 9. Nbd2 Bf5 10. Bxf5 gxf5 11. Ne5 Rc8 12. Nb3 e6 13. Nc5 Nxe5 14. Bxe5 b6
15. Nd3 Kh8 16. a4 a5 17. Re1 Rg8 18. Ra3 Nd7 19. Bxg7+ Rxg7 20. Ne5 Nxe5 21.
Rxe5 Rc4 22. g3 Qd7 23. Qb3 Qc6 24. Ra1 Rg8 25. Re3 Rb8 26. Qa3 Qc7 27. Qb3 Qc6
28. Qa3 Qd7 29. b3 Rc6 30. Kf1 Qd6 31. Ke2 b5 32. axb5 Rxb5 33. Kd3 Kg7 34. Re2
Qc7 35. Rc2 Rcb6 36. Rb1 Rxb3 37. Rxb3 Qc4+ 38. Kd2 Rxb3 39. Qxa5 Qf1 40. Ke3
Qe1+ 41. Kd3 Qe4+ 42. Kd2 Rb1 43. Ra2 Qe1+ 44. Kd3 Qe4+ 45. Kd2 Rf1 46. Qa6
Rxf2+ 47. Kd1 Qh1+ 0-1

[Event "e2e4 Dublin Easter Masters"]
[Site "Dublin IRL"]
[Date "2012.04.06"]
[Round "3"]
[White "Loughran, John"]
[Black "Courtney, John"]
[Result "0-1"]
[WhiteElo "1899"]
[BlackElo "2132"]
[WhiteFideId "2501562"]
[BlackFideId "2502380"]
[EventDate "2012.04.05"]

1. d4 Nf6 2. c4 e6 3. Nf3 Bb4+ 4. Bd2 a5 5. Nc3 b6 6. e3 Bb7 7. Bd3 d6 8. O-O
Nbd7 9. Re1 Bxc3 10. Bxc3 Ne4 11. Qc2 f5 12. Nd2 Nxc3 13. Qxc3 O-O 14. f3 e5 15.
Qc2 Qf6 16. d5 h5 17. f4 Nc5 18. Be2 g6 19. Nb3 exf4 20. exf4 Nxb3 21. axb3 Qd4+
22. Kh1 Qxf4 23. Bf3 Rfe8 24. Re2 Rxe2 25. Qxe2 Qe5 26. Qd2 Re8 27. h3 Qg3 28.
Kg1 Ba6 29. Qc3 Qe5 30. Kh1 Qxc3 31. bxc3 Re3 32. b4 Bxc4 33. bxa5 bxa5 34. Rxa5
Rxc3 35. Ra4 Kf7 36. Ra7 Bd3 37. Ra4 Kf6 38. Ra1 Ke5 39. Re1+ Be4 0-1

[Event "e2e4 Dublin Easter Masters"]
[Site "Dublin IRL"]
[Date "2012.04.06"]
[Round "3"]
[White "Morriss, Pete"]
[Black "Puroila, Sippo"]
[Result "1-0"]
[WhiteElo "2006"]
[BlackElo "1886"]
[WhiteFideId "2500230"]
[BlackFideId "504572"]
[EventDate "2012.04.05"]

1. b4 d5 2. Bb2 Nf6 3. e3 e6 4. b5 a6 5. a4 Bd7 6. Nf3 axb5 7. axb5 Rxa1 8. Bxa1
c6 9. c4 Be7 10. Be2 O-O 11. O-O dxc4 12. bxc6 Bxc6 13. Bxc4 b5 14. Be2 b4 15.
d4 Qa5 16. Nbd2 Ba4 17. Qb1 Nbd7 18. e4 Rb8 19. Rc1 Qa8 20. Bd3 h6 21. Nc4 Bc6
22. Re1 Bf8 23. Nce5 Nxe5 24. Nxe5 Ba4 25. Bb2 Qa5 26. Bc4 Nd7 27. d5 exd5 28.
Bxd5 Nxe5 29. Bxe5 Re8 30. Qb2 Bd7 31. h3 Qb5 32. Re3 Be6 33. Rg3 g6 34. Bxe6
Rxe6 35. f4 Kh7 36. Qb1 Qc5+ 37. Kh1 Rxe5 38. fxe5 Qxe5 39. Rf3 Qe6 40. Qf1 Kg8
41. Qd3 Be7 42. Qb3 Qxb3 43. Rxb3 Kg7 44. Kg1 Kf6 45. Kf2 Ke5 46. Ke3 h5 47. Rd3
Bc5+ 48. Kf3 Bd4 49. g3 f6 50. g4 h4 51. Rb3 Bc3 52. Rb1 Kd4 53. Rd1+ Kc4 54.
Ke3 b3 55. Rb1 b2 56. Rd1 g5 57. Ke2 Be5 58. Kd2 Bf4+ 59. Kc2 Bc1 60. Rd6 Kc5
61. Rxf6 Kd4 62. Re6 Bf4 63. Kxb2 Be5 64. Kc2 Kxe4 65. Kd2 Kd5 66. Rg6 Ke4 67.
Ke2 Kf4 68. Kf2 Bd4+ 69. Kg2 Be3 70. Rf6+ Ke4 71. Rf5 Bf4 72. Kf2 Be3+ 73. Ke2
Bf4 74. Ra5 Be5 75. Ra4+ Bd4 76. Rb4 Ke5 77. Kf3 Bc3 78. Rb5+ Kf6 79. Ke4 Bd2
80. Rb6+ Kg7 81. Kf5 Bb4 82. Rxb4 1-0

[Event "e2e4 Dublin Easter Masters"]
[Site "Dublin IRL"]
[Date "2012.04.06"]
[Round "3"]
[White "Djuric, Olgica"]
[Black "Grebstad, Kjell Borre"]
[Result "1-0"]
[WhiteElo "1851"]
[BlackElo "1987"]
[WhiteFideId "943860"]
[BlackFideId "1509640"]
[EventDate "2012.04.05"]

1. d4 Nf6 2. Nf3 d5 3. Bg5 Ne4 4. Bf4 c5 5. e3 Qb6 6. Qc1 Nc6 7. c3 Bf5 8. Nbd2
f6 9. Be2 g5 10. Bg3 h5 11. Nxe4 dxe4 12. dxc5 Qd8 13. Nxg5 h4 14. Nh3 hxg3 15.
hxg3 Qc7 16. Qd1 Bg6 17. O-O e6 18. b4 Ne5 19. Qa4+ Kf7 20. Rad1 Be7 21. Qb3 Bf5
22. Nf4 Rh6 23. Bh5+ Kg7 24. Qxe6 Bxe6 25. Nxe6+ Kh7 26. Nxc7 Rh8 27. g4 Kg8 28.
Nd5 Bf8 29. Nf4 Nxg4 30. Rd7 Ne5 31. Rxb7 Nd3 32. Bf7+ Kh7 33. Be6+ 1-0

[Event "e2e4 Dublin Easter Masters"]
[Site "Dublin IRL"]
[Date "2012.04.06"]
[Round "3"]
[White "Jackson, Carl"]
[Black "Healy, John"]
[Result "1-0"]
[WhiteElo "1982"]
[BlackElo "1840"]
[WhiteFideId "2502585"]
[BlackFideId "2500965"]
[EventDate "2012.04.05"]

1. e4 c5 2. Nc3 g6 3. g3 Bg7 4. Bg2 e6 5. f4 Ne7 6. Nf3 f5 7. e5 d5 8. exd6 Qxd6
9. O-O Nbc6 10. Re1 e5 11. Nb5 Qb8 12. fxe5 Nxe5 13. Nxe5 Bxe5 14. Qe2 Bf6 15.
d3 g5 16. Qh5+ 1-0

[Event "e2e4 Dublin Easter Masters"]
[Site "Dublin IRL"]
[Date "2012.04.06"]
[Round "3"]
[White "Kalaiyalahan, Akshaya"]
[Black "Magee, Ronan"]
[Result "0-1"]
[WhiteElo "1640"]
[BlackElo "1948"]
[WhiteFideId "422894"]
[BlackFideId "2503000"]
[EventDate "2012.04.05"]

1. e4 c5 2. Nf3 d6 3. d4 cxd4 4. Nxd4 Nf6 5. Nc3 a6 6. Be3 e5 7. Nb3 Be6 8. f3
Be7 9. Qd2 O-O 10. Be2 Nbd7 11. O-O Qc7 12. g4 Rac8 13. Bd3 Nc5 14. Nxc5 dxc5
15. Qg2 c4 16. Be2 Bc5 17. Bxc5 Qxc5+ 18. Rf2 b5 19. a3 Rcd8 20. Rd1 a5 21. Kh1
b4 22. axb4 axb4 23. Rxd8 Rxd8 24. Nd1 Rd2 25. c3 bxc3 26. bxc3 Qa3 27. Qg3 Qc1
28. Kg2 Qc2 29. Kf1 Nd7 30. h4 Rxe2 31. Rxe2 Qxd1+ 32. Kf2 Nc5 33. Ra2 Nd3+ 34.
Kg2 g6 35. h5 Nf4+ 36. Kh2 Qb3 37. Rf2 Qxc3 38. Qh4 h6 39. hxg6 Nxg6 40. Qxh6
Qa5 41. Kg3 Qe1 42. Qd2 Qg1+ 43. Rg2 Qd4 44. Qh6 Qd1 45. Qd2 Qxd2 46. Rxd2 Kf8
47. Kf2 Ke7 48. Ke3 Nf4 49. Rd1 Nd3 50. Kd2 Kd6 51. Kc3 Kc5 52. Ra1 Kb5 53. Rb1+
Kc5 54. Ra1 Nf4 55. Re1 Nd3 56. Ra1 Nf4 57. Re1 Ng6 58. Ra1 Ne7 59. Ra5+ Kd6 60.
Ra1 Nc6 61. Rf1 Nd4 62. Kb4 Nc6+ 63. Kc3 Kc5 64. Rf2 Nd4 65. Rf1 Nb5+ 66. Kc2 c3
67. g5 Kc4 68. f4 Nd4+ 69. Kb1 exf4 70. Rxf4 c2+ 71. Kb2 c1=Q+ 72. Kxc1 Ne2+ 73.
Kd2 Nxf4 74. Ke3 Ng6 75. Kf2 Kd4 76. Kf3 Bd7 77. Kg3 Kxe4 78. Kf2 Kf4 79. Kg2
Kxg5 80. Kf3 f5 81. Kg3 f4+ 82. Kf3 Bc6+ 83. Kf2 Kg4 84. Kf1 Kg3 85. Kg1 f3 86.
Kf1 f2 87. Ke2 Kg2 88. Ke3 f1=Q 89. Kd2 Qf3 90. Kc2 Kg3 91. Kb1 Kf4 92. Ka2 Ke4
93. Kb2 Kd4 94. Ka2 Bd5+ 95. Ka1 Kc3 96. Kb1 Qd1# 0-1

[Event "e2e4 Dublin Easter Masters"]
[Site "Dublin IRL"]
[Date "2012.04.07"]
[Round "4"]
[White "Romero Holmes, Alfonso"]
[Black "Wall, Gavin"]
[Result "1-0"]
[WhiteTitle "GM"]
[BlackTitle "IM"]
[WhiteElo "2501"]
[BlackElo "2330"]
[WhiteFideId "2200066"]
[BlackFideId "2501244"]
[EventDate "2012.04.05"]

1. Nc3 d5 2. e4 Nf6 3. e5 Ne4 4. Nce2 d4 5. c3 dxc3 6. bxc3 Nc5 7. d4 Ne6 8. h4
b6 9. Nf3 Bb7 10. Ng5 Nxg5 11. hxg5 e6 12. g6 Qe7 13. Nf4 Be4 14. Bd3 Bxd3 15.
Qxd3 h6 16. Rh3 Nd7 17. gxf7+ Kxf7 18. Ng6 1-0

[Event "e2e4 Dublin Easter Masters"]
[Site "Dublin IRL"]
[Date "2012.04.07"]
[Round "4"]
[White "Kvisvik, Brede"]
[Black "Collins, Sam E."]
[Result "1/2-1/2"]
[WhiteTitle "FM"]
[BlackTitle "IM"]
[WhiteElo "2304"]
[BlackElo "2439"]
[WhiteFideId "1502999"]
[BlackFideId "2501198"]
[EventDate "2012.04.05"]

1. d4 Nf6 2. c4 g6 3. Nc3 d5 4. cxd5 Nxd5 5. Nf3 Bg7 6. Na4 O-O 7. e4 Nb6 8. Be2
Nxa4 9. Qxa4 Bg4 10. Be3 c5 11. dxc5 Bxb2 12. Rb1 Bc3+ 13. Kf1 Bd7 14. Qc2 Qa5
15. Nd4 Bxd4 16. Bxd4 Nc6 17. Be3 e5 18. Rxb7 Be6 19. a4 Rfd8 20. Rb5 Qc7 21. f3
Nd4 22. Bxd4 Rxd4 23. Kf2 Rad8 24. Rd1 Rxd1 25. Bxd1 Rd4 26. Be2 Bd7 27. c6 Qxc6
28. Qxc6 Bxc6 29. Rxe5 Rxa4 30. Rc5 Bd7 31. Bc4 Be6 32. Bxe6 fxe6 33. Rc7 Ra2+
34. Kg3 Ra5 35. h4 h6 36. Re7 e5 37. Kg4 Kf8 38. Rc7 Ra2 39. g3 Ra3 40. f4 exf4
41. Kxf4 g5+ 42. hxg5 hxg5+ 43. Kg4 Re3 44. Rxa7 Rxe4+ 45. Kxg5 Re6 46. g4 Kg8
47. Kh5 Rb6 48. g5 Rc6 49. Ra5 Rb6 50. Ra8+ Kg7 51. Ra7+ Kg8 52. Ra8+ Kg7 53.
Ra7+ Kg8 1/2-1/2

[Event "e2e4 Dublin Easter Masters"]
[Site "Dublin IRL"]
[Date "2012.04.07"]
[Round "4"]
[White "Bae, Torstein"]
[Black "Gormally, Daniel W"]
[Result "0-1"]
[WhiteTitle "IM"]
[BlackTitle "GM"]
[WhiteElo "2413"]
[BlackElo "2520"]
[WhiteFideId "1501887"]
[BlackFideId "406465"]
[EventDate "2012.04.05"]

1. e4 c5 2. Nf3 d6 3. d4 cxd4 4. Nxd4 Nf6 5. Nc3 a6 6. Bc4 e6 7. O-O b5 8. Bb3
Be7 9. Qf3 Qc7 10. Qg3 Nc6 11. Nxc6 Qxc6 12. Re1 Bb7 13. a3 Rd8 14. f3 O-O 15.
Bh6 Nh5 16. Qg4 Kh8 17. Bg5 Nf6 18. Qh4 h6 19. Kh1 Qc7 20. Qh3 Ng4 21. Bh4 Ne5
22. Bxe7 Qxe7 23. Rad1 f5 24. f4 Ng6 25. Qg3 Nh4 26. Bd5 Bc8 27. Bxe6 Bxe6 28.
Nd5 Qf7 29. Qxh4 fxe4 30. Nb4 Qxf4 31. Qxf4 Rxf4 32. Nxa6 d5 33. Nc5 Bg4 34. Rd4
Rdf8 35. h3 Rf1+ 36. Rxf1 Rxf1+ 37. Kh2 Bd1 38. Rxd5 e3 39. Re5 e2 40. Nd3 Bxc2
41. Nb4 e1=Q 42. Rxe1 Rxe1 43. Nxc2 Re2 44. Nd4 Rxb2 45. Kg3 Kg8 46. Kf3 Kf7 47.
Ke4 Rxg2 48. Nxb5 Rg3 49. a4 Rxh3 50. a5 Rh5 51. Nd6+ Ke6 52. Nc4 Rh4+ 53. Kd3
Kd5 54. Ne3+ Kc5 55. Nf5 Rg4 0-1

[Event "e2e4 Dublin Easter Masters"]
[Site "Dublin IRL"]
[Date "2012.04.07"]
[Round "4"]
[White "Hebden, Mark L"]
[Black "Astaneh Lopez, Alex"]
[Result "1/2-1/2"]
[WhiteTitle "GM"]
[BlackTitle "IM"]
[WhiteElo "2514"]
[BlackElo "2400"]
[WhiteFideId "400084"]
[BlackFideId "2501430"]
[EventDate "2012.04.05"]

1. d4 d5 2. Nf3 Nf6 3. c4 c6 4. e3 a6 5. Bd2 e6 6. Nc3 c5 7. cxd5 exd5 8. g3 Nc6
9. Bg2 cxd4 10. exd4 Bg4 11. O-O Be7 12. Re1 O-O 13. Bf4 Qb6 14. Qd3 Bh5 15. Be5
Rfd8 16. Qd2 Ne4 17. Nxe4 dxe4 18. Rxe4 Bxf3 19. Bxf3 Nxe5 20. Rxe5 Bf6 21. Re4
Bxd4 22. Rae1 g6 23. Qe2 Bf6 24. Re3 Rd4 25. Rb3 Rb4 26. Bd5 Rd8 27. Qf3 Rxb3
28. Bxb3 Kg7 29. Re2 Rd7 30. Kg2 h5 31. h3 Qd4 32. Rc2 a5 33. a4 1/2-1/2

[Event "e2e4 Dublin Easter Masters"]
[Site "Dublin IRL"]
[Date "2012.04.07"]
[Round "4"]
[White "Brady, Stephen"]
[Black "Valeanu, Eduard-Andrei"]
[Result "1/2-1/2"]
[WhiteTitle "FM"]
[WhiteElo "2383"]
[BlackElo "2461"]
[WhiteFideId "2500124"]
[BlackFideId "1212168"]
[EventDate "2012.04.05"]

1. e4 c5 2. c3 Nf6 3. e5 Nd5 4. d4 cxd4 5. Nf3 Nc6 6. Bc4 Nb6 7. Bb3 d5 8. exd6
Qxd6 9. O-O Be6 10. Bxe6 Qxe6 11. Nxd4 Nxd4 12. Qxd4 Rd8 13. Qh4 Qe2 14. Nd2 e6
15. Qg3 Qd3 1/2-1/2

[Event "e2e4 Dublin Easter Masters"]
[Site "Dublin IRL"]
[Date "2012.04.07"]
[Round "4"]
[White "Ernst, Sipke"]
[Black "Sowray, Peter J"]
[Result "1-0"]
[WhiteTitle "GM"]
[BlackTitle "FM"]
[WhiteElo "2578"]
[BlackElo "2375"]
[WhiteFideId "1004689"]
[BlackFideId "400971"]
[EventDate "2012.04.05"]

1. d4 Nf6 2. Nf3 g6 3. c4 Bg7 4. Nc3 d5 5. cxd5 Nxd5 6. e4 Nxc3 7. bxc3 c5 8.
Be3 O-O 9. Be2 b6 10. h4 Bg4 11. h5 cxd4 12. cxd4 Nc6 13. hxg6 hxg6 14. d5 Bxf3
15. gxf3 Na5 16. Bd4 Qd6 17. Qd2 e5 18. Bc3 Rfc8 19. Ba6 Nc4 20. Qd3 Rc7 21. Ke2
Na3 22. Rac1 Bf8 23. f4 f6 24. Qg3 b5 25. fxe5 Qxa6 26. exf6 b4+ 27. Ke1 1-0

[Event "e2e4 Dublin Easter Masters"]
[Site "Dublin IRL"]
[Date "2012.04.07"]
[Round "4"]
[White "Bomans, Arno"]
[Black "Williams, Simon K"]
[Result "0-1"]
[BlackTitle "GM"]
[WhiteElo "2228"]
[BlackElo "2506"]
[WhiteFideId "206024"]
[BlackFideId "404454"]
[EventDate "2012.04.05"]

1. d4 e6 2. c4 b6 3. e4 Bb7 4. Bd3 Bb4+ 5. Kf1 Bf8 6. Nc3 g6 7. Nf3 Bg7 8. Bg5
Ne7 9. h4 h6 10. Bf4 d6 11. d5 Nd7 12. dxe6 fxe6 13. h5 g5 14. Bxg5 hxg5 15.
Nxg5 Rh6 16. Nxe6 Rxe6 17. Qg4 Kf7 18. f4 Bxc3 19. bxc3 Qg8 20. Qh3 Nc5 21. f5
Nxf5 22. exf5 Re3 23. Qxe3 Qxg2+ 24. Ke1 Nxd3+ 0-1

[Event "e2e4 Dublin Easter Masters"]
[Site "Dublin IRL"]
[Date "2012.04.07"]
[Round "4"]
[White "Nemeth, Miklos1"]
[Black "Fitzsimons, David"]
[Result "1-0"]
[WhiteTitle "IM"]
[WhiteElo "2452"]
[BlackElo "2257"]
[WhiteFideId "720232"]
[BlackFideId "2501961"]
[EventDate "2012.04.05"]

1. e4 c6 2. d4 d5 3. e5 Bf5 4. Nf3 e6 5. Be2 Nd7 6. O-O Bg6 7. Nbd2 Nh6 8. h3
Nf5 9. c3 c5 10. c4 Nxd4 11. Nxd4 cxd4 12. cxd5 d3 13. Bf3 Nxe5 14. dxe6 Nxf3+
15. Nxf3 fxe6 16. Re1 Be7 17. Qb3 Qb6 18. Qxb6 axb6 19. Rxe6 Bf7 20. Re3 Rc8 21.
Bd2 Rc7 22. Bb4 Kd8 23. Rxd3+ Kc8 24. Bxe7 Rxe7 25. a3 Rhe8 26. Rc1+ Kb8 27. Rd6
Ka7 28. Rc3 h6 29. Nd4 Ka6 30. b4 Re1+ 31. Kh2 Rf1 32. Rc5 Ka7 33. Rc7 Rxf2 34.
Rdd7 1-0

[Event "e2e4 Dublin Easter Masters"]
[Site "Dublin IRL"]
[Date "2012.04.07"]
[Round "4"]
[White "Quinn, Mark"]
[Black "Longson, Alexander"]
[Result "1-0"]
[WhiteTitle "IM"]
[WhiteElo "2398"]
[BlackElo "2267"]
[WhiteFideId "2500450"]
[BlackFideId "408093"]
[EventDate "2012.04.05"]

1. e4 e5 2. Nf3 Nc6 3. Bc4 Bc5 4. c3 Nf6 5. d3 a6 6. Bb3 Ba7 7. O-O O-O 8. Be3
Bxe3 9. fxe3 d5 10. exd5 Nxd5 11. Qe2 Be6 12. Nbd2 f6 13. Ne4 Bf7 14. Nh4 Kh8
15. d4 exd4 16. exd4 Na5 17. Bc2 Ne7 18. Nc5 Qd6 19. b4 Nac6 20. Nxb7 Qd5 21.
Nc5 Qd6 22. Rae1 Rfe8 23. Qd3 Bg8 24. Qh3 Qd5 25. Bg6 Rec8 26. Bf5 Rcb8 27. Ne6
Qd6 28. a4 Ra7 29. Rf3 Qd5 30. Nf4 Qd6 31. Nhg6+ Nxg6 32. Nxg6# 1-0

[Event "e2e4 Dublin Easter Masters"]
[Site "Dublin IRL"]
[Date "2012.04.07"]
[Round "4"]
[White "Fox, Anthony"]
[Black "Csonka, Attila Istvan"]
[Result "0-1"]
[BlackTitle "IM"]
[WhiteElo "2115"]
[BlackElo "2384"]
[WhiteFideId "2500736"]
[BlackFideId "716529"]
[EventDate "2012.04.05"]

1. e4 c6 2. d4 d5 3. Nc3 dxe4 4. Nxe4 Nf6 5. Nxf6+ gxf6 6. c3 Bf5 7. Nf3 e6 8.
g3 Nd7 9. Bg2 Bd6 10. O-O Bg4 11. Re1 Qc7 12. Qb3 h5 13. Nh4 O-O-O 14. c4 c5 15.
dxc5 Nxc5 16. Qc2 Rhg8 17. Be3 Be5 18. Bxc5 Qxc5 19. b4 Qc7 20. Rac1 Rd4 21. Re4
f5 22. Rxd4 Bxd4 23. c5 f4 24. Qe4 Bf6 25. Kh1 fxg3 26. hxg3 Bxh4 27. gxh4 Bf5
28. Qd4 Qd8 29. Rd1 Qxd4 30. Rxd4 e5 31. Rd2 Rg4 32. a3 Rxh4+ 33. Kg1 Be4 34.
Bxe4 Rxe4 35. Rd6 Rf4 36. Rh6 h4 37. Kg2 Kc7 38. b5 Rc4 39. Rf6 Rxc5 40. Rxf7+
Kb6 41. a4 a6 42. bxa6 bxa6 43. Rh7 Rc4 44. Rh6+ Ka5 45. Re6 Rf4 46. Rxe5+ Kxa4
47. Re6 a5 48. f3 Kb3 49. Kf2 a4 50. Ke3 Rb4 51. Ra6 a3 52. f4 a2 53. f5 Ra4 54.
Rb6+ Kc4 0-1

[Event "e2e4 Dublin Easter Masters"]
[Site "Dublin IRL"]
[Date "2012.04.07"]
[Round "4"]
[White "Gourlay, Iain"]
[Black "Capitelli, Paolo"]
[Result "1-0"]
[WhiteTitle "FM"]
[WhiteElo "2351"]
[BlackElo "2122"]
[WhiteFideId "2401533"]
[BlackFideId "809330"]
[EventDate "2012.04.05"]

1. Nf3 Nf6 2. g3 g6 3. Bg2 Bg7 4. O-O d6 5. c4 Nc6 6. Nc3 O-O 7. Rb1 e5 8. d3 a5
9. a3 h6 10. b4 axb4 11. axb4 Be6 12. b5 Ne7 13. Qb3 Qd7 14. Rd1 Nh5 15. Nd2
Rab8 16. Ra1 f5 17. Ra7 c6 18. bxc6 Nxc6 19. Ra2 f4 20. Ba3 fxg3 21. hxg3 Bh3
22. c5+ Kh7 23. Qd5 Be6 24. Qxd6 Qxd6 25. cxd6 Bxa2 26. Nxa2 Ra8 27. Nc4 Rxa3
28. Nxa3 Ra8 29. Rb1 Rxa3 30. Rxb7 Nd8 31. Rd7 Rxa2 32. Rxd8 Nf6 33. d7 Nxd7 34.
Rxd7 Rxe2 35. Be4 Ra2 36. Rd6 Ra7 37. Re6 Kg8 38. Bxg6 Ra5 39. Kg2 Bf8 40. Kf3
Kg7 41. Kg4 Ra2 42. f3 Ra3 43. Be4 Ra5 44. Kf5 Bb4 45. Rg6+ Kh7 46. Rb6 Bc5 47.
Kf6+ Kg8 48. Bd5+ Kh7 49. Rb7+ Kh8 50. Rb8+ 1-0

[Event "e2e4 Dublin Easter Masters"]
[Site "Dublin IRL"]
[Date "2012.04.07"]
[Round "4"]
[White "Walton, Alan J"]
[Black "Eggleston, David J"]
[Result "1-0"]
[WhiteTitle "CM"]
[BlackTitle "FM"]
[WhiteElo "2159"]
[BlackElo "2327"]
[WhiteFideId "409898"]
[BlackFideId "412120"]
[EventDate "2012.04.05"]

1. d4 Nf6 2. Bg5 e6 3. e4 h6 4. Bxf6 Qxf6 5. Nc3 Bb4 6. Qd2 d6 7. Bd3 O-O 8.
Nge2 Nd7 9. O-O e5 10. a3 Bxc3 11. bxc3 c5 12. d5 Qg5 13. Qxg5 hxg5 14. Rfb1 g6
15. Ng3 a6 16. a4 b6 17. Nf1 f5 18. f3 g4 19. exf5 gxf3 20. gxf3 c4 21. Be2 Rxf5
22. Ne3 Rg5+ 23. Kf2 Bb7 24. Nxc4 Bxd5 25. Rd1 Be6 26. Rxd6 Bh3 27. Rg1 Rxg1 28.
Kxg1 Rc8 29. Rxg6+ Kf7 30. Rh6 Be6 31. Nd6+ Kg7 32. Rxe6 1-0

[Event "e2e4 Dublin Easter Masters"]
[Site "Dublin IRL"]
[Date "2012.04.07"]
[Round "4"]
[White "Christiansen, Johan-Sebastian"]
[Black "Daly, Colm"]
[Result "0-1"]
[BlackTitle "FM"]
[WhiteElo "1938"]
[BlackElo "2285"]
[WhiteFideId "1512668"]
[BlackFideId "2500434"]
[EventDate "2012.04.05"]

1. c4 g6 2. Nc3 Bg7 3. g3 d6 4. Bg2 Nc6 5. e4 h5 6. Nge2 h4 7. d4 Bg4 8. h3 Bxe2
9. Nxe2 hxg3 10. fxg3 e5 11. d5 Nb8 12. Qb3 b6 13. Be3 Nd7 14. O-O-O a5 15. Qc3
Bh6 16. Kb1 Bxe3 17. Qxe3 Qe7 18. Bf3 f5 19. h4 O-O-O 20. Nc3 f4 21. Qf2 Ngf6
22. g4 g5 23. h5 Nc5 24. Qc2 Qd7 25. Rhg1 Rdg8 26. Nb5 Kb7 27. b3 Nxh5 28. gxh5
g4 29. Bh1 Rxh5 30. Nc3 Rgh8 31. Na4 Nxa4 32. bxa4 Rh2 33. Qb3 R8h3 34. Qb5
Qxb5+ 35. axb5 f3 36. Kc1 Rxh1 37. Rxh1 Rxh1 38. Rxh1 g3 39. c5 bxc5 40. b6 g2 0-1

[Event "e2e4 Dublin Easter Masters"]
[Site "Dublin IRL"]
[Date "2012.04.07"]
[Round "4"]
[White "Rudd, Jack"]
[Black "Omtvedt, Per"]
[Result "1-0"]
[WhiteTitle "IM"]
[WhiteElo "2303"]
[BlackElo "2100"]
[WhiteFideId "405736"]
[BlackFideId "1503235"]
[EventDate "2012.04.05"]

1. e4 Nf6 2. Nc3 d5 3. e5 Nfd7 4. Nxd5 Nxe5 5. Ne3 e6 6. d4 Ned7 7. Nf3 Nf6 8.
Bd3 Be7 9. c3 b6 10. Qa4+ c6 11. Qc2 Bb7 12. Bd2 Nbd7 13. O-O-O Qc7 14. Nc4 h6
15. Nce5 Nxe5 16. Nxe5 Bd6 17. f4 O-O-O 18. Rhe1 Kb8 19. f5 exf5 20. Bxf5 Rhe8
21. g3 Ka8 22. Nc4 Rxe1 23. Rxe1 Re8 24. Rxe8+ Nxe8 25. Qb3 Bc8 26. Bxc8 Qxc8
27. Nxd6 Nxd6 28. Bf4 Qd7 29. Bxd6 Qxd6 30. Qxf7 g5 31. Kd2 a5 32. Ke3 b5 33.
Ke4 b4 34. c4 h5 35. d5 Kb8 36. Qe8+ 1-0

[Event "e2e4 Dublin Easter Masters"]
[Site "Dublin IRL"]
[Date "2012.04.07"]
[Round "4"]
[White "Short, Philip M"]
[Black "Korhonen, Pasi"]
[Result "1/2-1/2"]
[WhiteTitle "FM"]
[WhiteElo "2282"]
[BlackElo "2063"]
[WhiteFideId "2500086"]
[BlackFideId "502146"]
[EventDate "2012.04.05"]

1. d4 Nf6 2. Nf3 e6 3. c4 b6 4. g3 Ba6 5. b3 Bb4+ 6. Bd2 Be7 7. Bg2 c6 8. O-O
O-O 9. Bc3 d5 10. Nbd2 Nbd7 11. Qc2 Qc7 12. e4 Nxe4 13. Nxe4 dxe4 14. Qxe4 Nf6
15. Qc2 Bb7 16. Rfe1 c5 17. dxc5 Qxc5 18. Rad1 Rfd8 19. Rxd8+ Rxd8 20. Rd1 Rxd1+
21. Qxd1 h6 22. Bb2 Qh5 23. h3 Qc5 24. Qd4 Qh5 25. Qe5 Qxe5 26. Nxe5 Ne4 27. Nd3
g6 28. Be5 Nc5 29. Nxc5 Bxg2 30. Kxg2 Bxc5 31. f4 h5 32. Bc3 Kf8 33. b4 Bd6 34.
Kf3 Ke7 35. a3 Kd7 36. Bd4 Bf8 37. Ke4 Be7 38. Kd3 Bd6 39. Ke4 Bf8 40. Bc3 Bd6
41. a4 Bf8 42. g4 hxg4 43. hxg4 f5+ 44. gxf5 gxf5+ 45. Ke3 Bd6 46. b5 1/2-1/2

[Event "e2e4 Dublin Easter Masters"]
[Site "Dublin IRL"]
[Date "2012.04.07"]
[Round "4"]
[White "Firstov, Juri"]
[Black "Mihajlov, Sebastian"]
[Result "1/2-1/2"]
[WhiteElo "2264"]
[BlackElo "2053"]
[WhiteFideId "4501233"]
[BlackFideId "1512110"]
[EventDate "2012.04.05"]

1. b3 Nf6 2. Bb2 d5 3. e3 c6 4. f4 e6 5. Nf3 Nbd7 6. Be2 Bd6 7. O-O O-O 8. Qe1
Qc7 9. d4 Ne4 10. c4 f5 11. Ba3 b6 12. Bxd6 Qxd6 13. Nc3 Ndf6 14. Rc1 a5 15.
cxd5 exd5 16. Ne5 Bd7 17. Bd3 c5 18. Nxd7 Qxd7 19. Bxe4 cxd4 20. Bf3 dxc3 21.
Qxc3 Rfe8 22. Qd4 Qe6 23. Rc3 Rac8 24. Rfc1 Rxc3 25. Rxc3 g6 26. Kf2 Kf7 27.
Rc7+ Re7 28. Qc3 Rxc7 29. Qxc7+ Kg8 30. Ke2 Ne4 31. Kd3 Qf6 32. Bxe4 fxe4+ 33.
Kd2 Qh4 34. Qxb6 Qxh2 35. Qxa5 Qxg2+ 36. Kc3 h5 37. Kd4 Kh7 38. Qa8 h4 39. Qd8
h3 40. Qh4+ Kg7 41. Qe7+ Kg8 42. Qd8+ Kg7 43. Qe7+ Kg8 1/2-1/2